| 000 | 00357nam a2200145Ia 4500 | ||
|---|---|---|---|
| 008 | 230917s9999||||xx |||||||||||||| ||und|| | ||
| 040 |
_e147829 _aMAIN |
||
| 041 | _aEnglish | ||
| 082 | _a294.1 B623V | ||
| 100 | _aBloomfield, Maurice | ||
| 245 | 0 | _aVedic concordance | |
| 260 |
_aNew delhi _bMotilal banarsidass _c1906 |
||
| 300 | _a1078 p. | ||
| 942 | _cBK | ||
| 999 |
_c185543 _d185543 |
||